00826cam a22002534a 450000100090000000300040000900500170001300800410003001000170007102000290008802000260011703500240014304000300016704200080019705000260020508200210023124500760025226000510032830000210037950400510040065000440045165000480049570000290054316309359OSt20150408114149.0100629s2011 nyu b 001 0 eng  a 2010021870 a9780521493369 (hardback) a0521493366 (hardback) a(OCoLC)ocn645789647 aDLCcDLCdCDXdYDXCPdDLC apcc00aTK5103.485b.R43 201100a006.3/3222bRES00aRecommender systems :ban introduction /cDietmar Jannach ... [et al.]. aNew York :bCambridge University Press,c2011. a335 p. ;c24 cm. aIncludes bibliographical references and index. 0aPersonal communication service systems. 0aRecommender systems (Information filtering)1 aJannach, Dietmar,d1973-